000 00813nam a2200241 4500
001 173934
003 ES-MaACL
005 20250811102559.0
008 100129s2001 sp a |||| |bglg d
020 _a84-920260-8-1
080 _a929 Casanova, Sofía
100 1 _aMartínez Martínez, Rosario.
_9142077
245 1 0 _aSofía Casanova /
_cMaría Rosario Martínez Martínez.
260 _aFerrol :
_bAteneo Ferrolán,
_c2001.
300 _a88 p. :
_bil. ;
_c30 cm.
490 1 _aCadernos Ateneo Ferrolán ;
_vano 17, n. 15
504 _aBibliografía.
600 1 7 _aCasanova, Sofía,
_d1862-1958-
_xBiografías
_2
_9142078
710 2 _aAteneo Ferrolán.
_92041
830 1 0 _aCadernos do Ateneo Ferrolán
_vano 17, n. 15
_9223617
852 4 _a BA
_j2279-F-22
999 _c173934
_d173934